000 00798nam a22002057a 4500
005 20140428124109.0
008 140428b2009 ve ||||| |||| 00| 0 spa d
020 _a9789807046060
041 _aspa
044 _ave
082 0 4 _a574.526
_bC75c
245 1 0 _aConservando la biodiversidad de la mano de la gente :
_bEscudo de Guayana Venezuela
260 _aCaracas
_bGold Reserve Inc.
_bConservación Internacional Venezuela
_c2009
300 _a32 p.
_bfot. (col), mapas
_c18 cm.
590 _aDonación de Carlos Lasso, con firma en la primera página
650 6 _aConservación de la diversidad biológica
_zEscudo de Guayana (Venezuela)
_923822
650 _aEcología
_zEscudo de Guayana (Venezuela)
_923823
650 _aConservación de los recursos naturales
_923824
942 _2ddc
_cImpreso
999 _c8406
_d8406